Statistics for Historical Timeline of Lithuania

Click here to take the quiz!

General Stats

  • This quiz has been taken 71 times
  • The average score is 6 of 7

Answer Stats

YearHintAnswer% Correct
1990L________Lithuania
100%
1236Grand Duchy of L________Grand Duchy of Lithuania
100%
1918Second P_____ RepublicSecond Polish Republic
94%
1944S_____ U_____Soviet Union
94%
1795R______ EmpireRussian Empire
90%
1569P_____-L_________ CommonwealthPolish-Lithuanian Commonwealth
89%
1941G______Germany
79%

Score Distribution

Percentile by Number Answered

Percent of People with Each Score

Your Score History

You have not taken this quiz